Top 20 passeurs décisifs 2022 (année civil) - Statistiques

Statistiques générales
  • Ce quiz a été pris 416 fois
  • Le résultat moyen est 9 sur 20
Statistiques - réponses
Top Nationalité Nb passes décisives Joueur % Correct
2 Argentine 24 Lionel Messi
100%
1 Belgique 27 Kevin De Bruyne
98%
6 France 17 Kylian Mbappé
98%
3 Brésil 20 Neymar
98%
15 Allemagne 14 Thomas Müller
68%
5 France 18 Ousmane Dembélé
59%
8 Ecosse 17 Andrew Robertson
57%
11 France 17 Christopher Nkunku
55%
14 Brésil 15 Vinicius Junior
55%
13 France 16 Randal Kolo Muani
35%
17 Allemagne 14 Joshua Kimmich
33%
10 Portugal 17 Rafael Leão
33%
9 Hongrie 17 Dominik Szoboszlai
27%
18 Brésil 14 Rodrygo
24%
16 Croatie 14 Ivan Perisic
23%
19 Serbie 13 Filip Kostić
18%
20 Allemagne 13 Marco Reus
14%
7 Angleterre 17 Mason Mount
12%
12 France 16 Benjamin Bourigeaud
7%
4 France 18 Alassane Plea
5%
Aucun quiz correspondant
Distribution des résultats
% des personnes avec chaque résultat
Percentile par nombre de réponses
Votre historique - résultats
Vous n’avez pas pris ce quiz